000 00914namaa22001811 4500
001 173971
003 ES-MaACL
005 20230906215414.0
008 100203s1897 sp |||| | spa d
100 1 _aEchevarría, Rafael de.
_9142103
245 1 0 _aPompas y honores :
_bcapricho literario /
_cpor El Diablo Cojuelo [seud.].
260 _aMadrid :
_bLibrería de Fernando Fe,
_c1897 (
_fTip. de Tomás Minuesa de los Ríos)
300 _a51 p. ;
_c18 cm.
530 _aDisponible en formato digital.
593 _aEncabezamiento: Hartzenbusch, Eugenio: Unos cuantos seudónimos de escritores españoles.
852 4 _aES-MaACL
_jF-8636(8)
_z- Enc. pasta española
_z- Enc. en un vol. facticio formando parte de la col. facticia "Teatro español moderno", v. 91
_z- Dedicatoria autógrafa del autor
856 4 _uhttp://bdh-rd.bne.es/viewer.vm?id=0000050003&page=1
_zBiblioteca Digital Hispánica
999 _c173971
_d173971